000 00611nam a22002297a 4500
003 UA-OsUOA
001 88416
007 ta
008 20121005b un ||||| |||| 00| 0 ukr d
100 _aПрус Б
090 _a821.161.2
_bП85
942 _cBK
040 _aUA-OsUOA
_bukr
_cUA-OsUOA
_dUA-OsUOA
245 _aТвори в п'яти томах
_b3
_cЛялька. Роман
300 _a423 с.
955 _a3
041 _aukr
080 _a821.161.2
260 _aК.
_bДніпро
_c1978
650 7 _a82 Література. Літературознавство
_2UDC
999 _c374816
_d374816